Central Library OPAC University of Rajshahi

সংবাদপত্র বিপণন / (Record no. 41615)

MARC details
000 -LEADER
fixed length control field 00938nam a22002417a 4500
001 - CONTROL NUMBER
control field 41615
003 - CONTROL NUMBER IDENTIFIER
rucl marc code BD-RjUL
005 - DATE AND TIME OF LATEST TRANSACTION
control field 20211209053424.0
008 - FIXED-LENGTH DATA ELEMENTS--GENERAL INFORMATION
fixed length control field 160602s2000 bg ||||| |||| 00| 0 ben d
020 ## - INTERNATIONAL STANDARD BOOK NUMBER
Terms of availability : TK 100.00
035 ## - SYSTEM CONTROL NUMBER
System control number (BD-RjUL)41733
040 ## - CATALOGING SOURCE
Original cataloging agency BD-RjUL
Language of cataloging ben
Transcribing agency BD-RjUL
041 ## - LANGUAGE CODE
Language code of text/sound track or separate title ben
082 ## - DEWEY DECIMAL CLASSIFICATION NUMBER
Edition number 23
Classification number 070.95492
Author mark and year SIS 2000
100 ## - MAIN ENTRY--PERSONAL NAME
Personal name সিদ্দিক, আবদুল হাই
9 (RLIN) 127848
245 10 - TITLE STATEMENT
Title সংবাদপত্র বিপণন /
Statement of responsibility, etc. আবদুল হাই সিদ্দিকি
260 ## - PUBLICATION, DISTRIBUTION, ETC. (IMPRINT)
Place of publication, distribution, etc. ঢাকা :
Name of publisher, distributor, etc. বাংলা একাডেমী,
Date of publication, distribution, etc. ২০০০
300 ## - PHYSICAL DESCRIPTION
Pagination [১৪], ২২৬ পৃ. :
Illustrations চিত্র ;
Size ২১ সেমি.
500 ## - GENERAL NOTE
General note নির্ঘন্ট সম্বলিত
650 ## - SUBJECT ADDED ENTRY--TOPICAL TERM
Topical term or geographic name as entry element Newspaper publishing
Geographic subdivision Bangladesh
9 (RLIN) 127849
Topical term or geographic name as entry element সংবাদ
General subdivision ইতিহাস
Geographic subdivision বাংলাদেশ
9 (RLIN) 127850
942 ## - ADDED ENTRY ELEMENTS (KOHA)
Source of classification or shelving scheme Dewey Decimal Classification
Koha item type Books
Holdings
Lost status Source of classification or shelving scheme Damaged status Not for loan Collection code Permanent Location Current Location Shelving location Date acquired Source of acquisition Cost, normal purchase price Total Checkouts Full call number Date last seen Copy number Koha item type
  Dewey Decimal Classification     Non-fiction Central Library, University of Rajshahi Central Library, University of Rajshahi   09/06/2011 Bangla Academy, Dhaka 100.00   B 070.95492 SIS 2000 02/06/2016 C-2 Books